000 00681nam a22002177a 4500
999 _c8180
_d8180
003 AR-CdUCM
008 190322b ||||| |||| 00| 0 spa d
040 _aMUNICIPALIDAD PROVINCIAL DEL CUSCO
_cBIBLIOTECA MUNICIPAL DEL CUSCO
082 _a869.4 /
_bT73
100 _aTorrez Guzman, Florencio
_923068
245 _aCanto a la cuna de mi cuna y sangre de mis venas /
260 _aLa Paz :
_bEmpresa Industrial Grafica E. Burillo,
_c1962.
300 _a23 paginas ;
_c21 cm.
500 _apoesias y canto Boliviano
650 _aPoesias
_92556
650 _aBolivia
_91138
650 _aLiteratura
_983
650 _aLatinoamerica
_94398
942 _2ddc
_cLIBROS
945 _apjha